FC Schalke 04 players since 2000 - Statistics

General Stats
  • This quiz has been taken 60 times
    54 since last reset
  • The average score is 115 of 298
Answer Stats
Ranking Player Positions Nationality Matches Goals Assists Periods % Correct
5 Klaas-Jan Huntelaar ST 184 84 27 2010-2016, 2020-2021
100%
2 Benedikt Höwedes CB 240 12 7 2007-2017
95%
4 Joel Matip CB 194 17 12 2009-2016
93%
11 Manuel Neuer GK 156 0 4 2006-2011
93%
3 Ralf Fährmann GK 227 0 0 2008-2009, 2011-2012, 2013-2018, 2020-2024
93%
7 Jefferson Farfán RW 170 39 48 2008-2015
90%
92 Leroy Sané RW 47 11 7 2013-2016
90%
61 Raúl CF 66 28 11 2010-2012
90%
17 Matija Nastasić CB 122 1 0 2014-2021
88%
58 Salif Sané CB 70 4 1 2018-2022
88%
284 Sidi Sané RW 1 0 0 2022-2023
88%
70 Naldo CB 60 8 2 2016-2019
85%
186 Pape Meïssa Ba ST 13 2 2 2024-2025
85%
25 Sead Kolasinac CB 111 5 9 2012-2016, 2020-2021
85%
54 Weston McKennie CM 75 4 4 2016-2020
85%
90 Breel Embolo ST 48 10 8 2016-2019
83%
50 Eric-Maxim Choupo-Moting ST 82 18 14 2014-2017
83%
57 Franco Di Santo ST 71 5 5 2015-2019
83%
1 Gerald Asamoah ST 246 40 31 2000-2010
83%
34 Amine Harit AM 102 12 18 2017-2021
80%
19 Julian Draxler LW 119 18 18 2010-2016
80%
28 Daniel Caligiuri RW 108 17 23 2016-2020
78%
6 Ebbe Sand ST 182 59 27 2000-2006
78%
38 Ivan Rakitic CM 97 12 23 2007-2011
78%
20 Leon Goretzka CM 116 14 13 2013-2018
78%
13 Max Meyer AM 146 17 16 2012-2018
78%
48 Nabil Bentaleb DM 82 12 8 2016-2018, 2020-2021
78%
12 Rafinha RB 153 7 19 2005-2010
78%
31 Atsuto Uchida RB 104 1 14 2010-2015
75%
36 Christian Fuchs LB 99 4 22 2011-2015
75%
42 Guido Burgstaller ST 95 24 10 2016-2020
75%
40 Halil Altıntop AM 96 16 10 2006-2010
75%
21 Hamit Altıntop RM 113 8 11 2003-2007
75%
75 Yevgen Konoplyanka LW 57 6 7 2016-2019
75%
30 Benjamin Stambouli DM 105 0 6 2016-2021
73%
16 Jermaine Jones DM 129 7 13 2007-2008, 2010-2014
73%
10 Kevin Kuranyi ST 162 71 30 2005-2010
73%
69 Kyriakos Papadopoulos CB 61 3 1 2010-2014
73%
18 Roman Neustädter CB 122 7 8 2012-2016
73%
110 Teemu Pukki ST 37 8 3 2011-2014
73%
22 Alessandro Schöpf CM 112 10 7 2015-2021
70%
286 Joey Müller LB 1 0 0 2023-2024
70%
51 Kenan Karaman ST 79 27 15 2022-2025
70%
249 Loris Karius GK 4 0 0 2024-2025
70%
159 Marius Müller GK 21 0 0 2023-2024
70%
44 Simon Terodde ST 90 40 9 2021-2024
70%
83 Rodrigo Zalazar CM 52 7 13 2021-2023
68%
15 Frank Rost GK 130 0 1 2002-2007
65%
67 Omar Mascarell DM 61 1 4 2018-2021
65%
55 Thomas Ouwejan LB 73 5 15 2021-2024
65%
94 Alexander Nübel GK 46 0 0 2015-2016, 2017-2020
63%
122 Jonjoe Kenny RB 31 2 3 2019-2020
63%
96 José Manuel Jurado AM 46 3 6 2010-2012
63%
8 Levan Kobiashvili LB 168 9 15 2003-2010
63%
9 Marcelo Bordon CB 168 14 9 2004-2010
63%
39 Marcin Kaminski CB 96 7 3 2021-2025
63%
156 Matthew Hoppe ST 23 6 1 2020-2022
63%
139 Moussa Sylla ST 27 16 1 2024-2025
63%
79 Derry Murkin LB 54 1 9 2023-2025
60%
127 Kaan Ayhan CB 30 1 0 2013-2016
60%
106 Ozan Kabak CB 40 3 1 2019-2021
60%
89 Tomas Kalas CB 48 2 1 2023-2025
60%
136 Ádám Szalai ST 28 7 3 2013-2014
58%
85 Benito Raman ST 50 6 4 2019-2021
58%
23 Christian Poulsen DM 111 3 7 2002-2006
58%
93 Kevin-Prince Boateng AM 46 6 8 2013-2015
58%
131 Rabbi Matondo RW 30 2 0 2018-2021
58%
108 Timo Hildebrand GK 39 0 0 2011-2014
58%
112 Chinedu Obasi ST 35 4 2 2011-2015
55%
64 Emile Mpenza ST 64 22 18 2000-2003
55%
242 Felipe Sánchez CB 5 0 0 2024-2025
55%
47 Lincoln AM 83 20 21 2004-2007
55%
88 Mark Uth ST 48 5 3 2018-2021
55%
134 Maya Yoshida CB 29 0 0 2022-2023
55%
86 Vicente Sánchez LW 50 3 2 2007-2010
55%
113 Ciprian Marica ST 34 5 0 2011-2013
53%
120 Darko Churlinov LW 32 3 7 2021-2022, 2023-2024
53%
130 Mesut Özil AM 30 0 5 2006-2008
53%
222 Michael Langer GK 8 0 0 2020-2021, 2023-2024
53%
223 Timon Wellenreuther GK 8 0 0 2014-2015
53%
248 Vedad Ibisevic ST 4 0 0 2020-2021
53%
100 Ahmed Kutucu LW 45 5 3 2018-2021
50%
24 Bastian Oczipka LB 111 1 14 2017-2021
50%
43 Heiko Westermann CB 92 12 5 2007-2010
50%
124 Ko Itakura CB 31 4 0 2021-2022
50%
137 Victor Pálsson CB 28 0 3 2021-2022
50%
29 Fabian Ernst DM 106 1 7 2005-2009
48%
192 Frederik Rönnow GK 11 0 0 2020-2021
48%
77 Lewis Holtby CM 55 10 11 2009-2010, 2011-2013
48%
133 Aílton ST 29 14 4 2004-2005
45%
105 Blendi Idrizi AM 41 3 6 2020-2021, 2023-2024
45%
172 Carlos Zambrano CB 16 0 0 2009-2010
45%
219 Coke RB 9 1 0 2016-2018
45%
63 Dennis Aogo LB 65 0 6 2013-2017
45%
175 Gonçalo Paciência ST 15 1 2 2020-2021
45%
35 Jörg Böhme LM 101 23 31 2000-2005
45%
125 Justin Heekeren GK 31 0 1 2023-2025
45%
62 Marius Bülter LW 65 21 14 2021-2023
45%
72 Mike Hanke ST 58 7 9 2001-2005
45%
14 Mladen Krstajic CB 131 7 6 2004-2009
45%
56 Suat Serdar CM 71 10 4 2018-2021
45%
111 Timo Becker CB 35 0 0 2019-2022
45%
162 Adrian Gantenbein RB 20 1 2 2024-2025
43%
158 Alexander Schwolow GK 23 0 0 2022-2023
43%
132 Alex Král CM 29 0 1 2022-2023
43%
148 Amin Younes LW 25 2 3 2024-2025
43%
118 Bryan Lasme ST 33 4 2 2023-2025
43%
71 Henning Matriciani RB 60 0 0 2020-2024
43%
197 Jordan Larsson RW 11 0 0 2022-2023
43%
117 Lars Unnerstall GK 34 0 0 2011-2013
43%
45 Marco Höger DM 88 7 9 2011-2016
43%
142 Martin Fraisl GK 26 0 0 2021-2022
43%
60 Mehmet Aydin RB 69 1 6 2020-2022, 2024-2025
43%
178 Michael Gregoritsch ST 14 1 1 2019-2020
43%
99 Thilo Kehrer CB 45 4 4 2015-2018
43%
245 Angelos Charisteas ST 4 1 0 2010-2011
40%
52 Christian Pander LB 78 5 13 2004-2005, 2006-2008, 2010-2011
40%
81 Christoph Metzelder CB 52 2 2 2010-2013
40%
141 Júnior Caiçara RB 26 0 4 2015-2017
40%
74 Malick Thiaw CB 57 3 0 2019-2023
40%
115 Marc Wilmots AM 34 6 3 2001-2003
40%
152 Pierre-Emile Højbjerg DM 23 0 2 2015-2016
40%
73 Ron Schallenberg DM 57 3 3 2023-2025
40%
151 Sascha Riether RB 23 0 0 2015-2016, 2018-2019
40%
191 Sergio Escudero LB 12 0 0 2010-2012
40%
84 Søren Larsen ST 51 10 1 2005-2008
40%
65 Zlatan Bajramovic DM 64 6 3 2005-2008
40%
33 Darío Rodríguez LB 102 6 1 2002-2008
38%
104 Edú ST 43 5 3 2009-2013
38%
150 Felipe Santana CB 24 1 1 2013-2015
38%
107 Florian Flick DM 39 1 1 2020-2023
38%
59 Oliver Reck GK 69 1 0 2000-2003
38%
153 Sebastian Rudy DM 23 0 0 2018-2019, 2020-2021
38%
173 Younès Belhanda AM 15 2 1 2015-2016
38%
98 Cédric Brunner RB 45 0 0 2022-2024
35%
161 Christopher Antwi-Adjei LW 20 1 2 2024-2025
35%
68 Dominick Drexler AM 61 8 8 2021-2024
35%
190 Hamza Mendyl LB 12 0 0 2018-2019, 2020-2021
35%
97 Johannes Geis DM 46 2 5 2015-2017
35%
198 Juan Miranda LB 11 0 0 2019-2020
35%
166 Kerim Calhanoglu LB 17 0 1 2020-2023
35%
82 Lukas Schmitz LB 52 2 8 2009-2011
35%
243 Mathias Schober GK 5 0 0 2008-2009, 2011-2012
35%
129 Nassim Boujellab CM 30 1 1 2018-2021
35%
145 Orlando Engelaar DM 25 0 3 2008-2009
35%
146 Taylan Bulut RB 25 1 1 2023-2025
35%
101 Tranquillo Barnetta AM 44 3 6 2012-2015
35%
128 Alexander Baumjohann AM 30 0 4 2005-2006, 2009-2012
33%
46 Andreas Möller AM 86 6 18 2000-2003
33%
184 Carlos Grossmüller CM 13 1 0 2007-2009
33%
87 Danny Latza CM 49 3 1 2008-2009, 2021-2024
33%
209 Donis Avdijaj LW 9 2 0 2016-2017
33%
207 Emil Højlund ST 10 0 0 2024-2025
33%
218 Hans Sarpei LB 9 0 0 2010-2011
33%
193 Jere Uronen LB 11 0 0 2022-2023
33%
140 Keke Topp ST 27 5 2 2021-2024
33%
236 Marius Lode CB 6 0 2 2021-2022
33%
214 Markus Schubert GK 9 0 0 2019-2020
33%
116 Michael Büskens LM 34 0 0 2000-2002
33%
174 Michael Frey ST 15 0 3 2022-2023
33%
102 Peter Løvenkrands ST 44 6 5 2006-2008
33%
168 Raffael CF 16 2 5 2012-2013
33%
176 Reinhold Ranftl RB 15 0 1 2021-2022
33%
230 Andreas Vindheim RB 7 1 1 2021-2022
30%
165 Can Bozdogan CM 17 0 2 2019-2021
30%
49 Gustavo Varela RM 82 8 6 2002-2008
30%
226 Ibrahima Cissé CB 8 1 0 2023-2025
30%
53 Marco van Hoogdalem CB 77 4 1 2000-2003
30%
228 Marvin Friedrich CB 7 0 0 2014-2016
30%
179 Michel Bastos LM 14 4 2 2012-2013
30%
76 Paul Seguin CM 55 5 9 2023-2025
30%
109 Peer Kluge DM 38 1 1 2009-2012
30%
121 Tom Krauß CM 32 2 0 2022-2023
30%
78 Victor Agali ST 54 14 7 2001-2004
30%
254 Zé Roberto AM 3 1 0 2007-2008
30%
270 Ali Karimi AM 1 0 0 2010-2011
28%
167 Assan Ouédraogo CM 17 3 2 2023-2024
28%
80 Christoph Moritz CM 54 1 3 2009-2013
28%
181 Fabian Reese ST 13 0 0 2015-2017, 2019-2020
28%
232 Haji Wright ST 7 1 0 2018-2019
28%
171 Jan Kirchhoff DM 16 0 0 2013-2015
28%
220 Jeffrey Bruma CB 9 0 0 2018-2019
28%
229 Marko Pjaca LW 7 2 0 2017-2018
28%
157 Max Grüger DM 23 1 0 2024-2025
28%
41 Nico Van Kerckhoven LB 96 3 6 2000-2004
28%
293 Pierre-Michel Lasogga ST 1 0 0 2024-2025
28%
216 Sebastian Boenisch LB 9 0 0 2005-2007
28%
126 Sebastian Polter ST 31 5 4 2022-2025
28%
217 Sepp van den Berg CB 9 1 0 2022-2023
28%
188 Timo Baumgartl CB 12 0 0 2023-2024
28%
32 Tomasz Hajto CB 104 6 8 2000-2004
28%
169 Abdul Rahman Baba LB 16 0 2 2016-2019
25%
189 Anthony Annan DM 12 0 0 2010-2011, 2013-2014
25%
202 Ibrahim Afellay AM 10 2 1 2012-2013
25%
144 Janik Bachmann CM 25 3 2 2024-2025
25%
180 Junmin Hao CM 14 0 0 2009-2011
25%
149 Marvin Pieringer ST 24 2 2 2021-2022
25%
199 Moritz Jenz CB 11 0 0 2022-2023
25%
27 Niels Oude Kamphuis DM 108 6 8 2000-2005
25%
187 Shkodran Mustafi CB 13 1 0 2020-2021
25%
203 Soichiro Kozuki ST 10 1 0 2022-2024
25%
147 Steven Skrzybski CF 25 3 2 2018-2019, 2020-2021
25%
37 Sven Vermant CM 98 6 13 2001-2005
25%
114 Tim Hoogland RB 34 0 0 2004-2005, 2006-2007, 2011-2012, 2013-2014
25%
66 Tobias Mohr LM 63 4 11 2022-2025
25%
26 Tomasz Waldoch CB 110 11 1 2000-2006
25%
215 Vasilios Pliatsikas CB 9 0 0 2009-2011
25%
246 Volkan Ünlü GK 4 0 0 2003-2004
25%
103 Aníbal Matellán CB 43 1 0 2001-2004
23%
238 Aymen Barkok AM 6 0 1 2024-2025
23%
237 Éder Balanta DM 6 0 0 2022-2023
23%
170 Eduard Glieder ST 16 2 1 2003-2004
23%
252 Felix Platte ST 3 0 0 2014-2016
23%
211 Florent Mollet AM 9 1 0 2022-2023
23%
204 Holger Badstuber CB 10 0 0 2016-2017
23%
185 Jan Moravek CM 13 2 1 2009-2010, 2011-2012
23%
225 Jean-Clair Todibo CB 8 0 0 2019-2020
23%
91 Jiri Nemec DM 48 1 1 2000-2002
23%
234 Leo Greiml CB 7 0 0 2022-2023
23%
138 Lino Tempelmann CM 27 1 1 2023-2025
23%
155 Michael Delura RW 23 4 0 2003-2005
23%
212 Olaf Thon CM 9 0 0 2000-2002
23%
260 Ron-Thorben Hoffmann GK 2 0 0 2024-2025
23%
183 Sidney Sam RW 13 0 1 2014-2016
23%
123 Youri Mulder ST 31 1 1 2000-2002
23%
262 Bernard Tekpetey RW 2 0 0 2016-2017
20%
263 Ciprian Deac RW 2 0 0 2010-2011
20%
257 Dries Wouters CB 2 0 0 2021-2022
20%
253 Erik Jendrisek ST 3 0 0 2010-2011
20%
196 Levan Kenia AM 11 0 2 2008-2010
20%
241 Levent Mercan LB 6 0 0 2019-2021
20%
269 Peter Remmert ST 2 0 0 2024-2025
20%
255 Philipp Max LB 2 0 0 2013-2014
20%
224 William RB 8 0 0 2020-2021
20%
143 Anton Donkor LB 26 0 1 2024-2025
18%
210 Cedric Teuchert ST 9 0 0 2017-2019
18%
221 Christofer Heimeroth GK 8 0 0 2003-2006
18%
290 Dong-gyeong Lee AM 1 0 0 2021-2022
18%
200 Ilyes Hamache LW 11 0 0 2024-2025
18%
164 Jochen Seitz LW 18 2 2 2003-2004
18%
276 Jonas Hofmann CM 1 0 0 2019-2020
18%
205 Kristijan Djordjevic RM 10 0 1 2001-2002
18%
261 Luca Schuler ST 2 0 0 2020-2021
18%
206 Mario Gavranovic ST 10 0 1 2009-2011
18%
282 Markus Heppke DM 1 0 0 2006-2007
18%
135 Radoslav Latal RM 28 2 3 2000-2001
18%
119 Thomas Kläsener CB 32 1 0 2003-2006
18%
296 Tidiane Touré RB 1 0 0 2024-2025
18%
177 Albert Streit RW 14 0 3 2007-2009
15%
244 Brandon Soppy RM 5 0 0 2023-2024
15%
265 Fabian Giefer GK 2 0 0 2014-2015
15%
194 Filip Trojan LM 11 0 1 2002-2004
15%
239 Kilian Ludewig RB 6 0 0 2020-2021
15%
266 Marc Rzatkowski CM 2 0 0 2021-2022
15%
295 Martin Wasinski CB 1 0 0 2024-2025
15%
251 Nicolas Plestan CB 3 0 0 2010-2011
15%
272 Pablo Insua CB 1 0 0 2017-2018
15%
256 Rufat Dadashov ST 2 0 0 2021-2022
15%
95 Sven Kmetsch DM 46 1 4 2000-2003
15%
227 Yaroslav Mikhailov CM 8 0 1 2021-2022
15%
247 Abdul Iyodo ST 4 0 0 2002-2003
13%
201 Fabian Lamotte CB 10 1 1 2003-2005
13%
279 Frode Grodås GK 1 0 0 2000-2001
13%
195 Markus Happe CB 11 1 0 2000-2001
13%
271 Mathias Abel CB 1 0 0 2006-2007
13%
208 Mimoun Azaouagh AM 9 0 0 2005-2006, 2007-2008
13%
160 Sérgio da Silva Pinto CM 21 0 2 2002-2004
13%
154 Yusuf Kabadayi LW 23 4 0 2023-2024
13%
231 Yves Eigenrauch CB 7 0 0 2000-2001
13%
163 Christian Clemens RW 19 0 1 2013-2015
10%
182 Christian Mikolajczak DM 13 0 0 2000-2001
10%
292 Mikail Maden CM 1 0 0 2020-2021
10%
233 Mineiro DM 7 0 0 2009-2010
10%
259 Simon Cziommer CM 2 0 0 2003-2004
10%
235 Steven van der Sloot RB 7 0 0 2023-2024
10%
283 Yassin Ben Balla DM 1 1 0 2024-2025
10%
240 Alcides CB 6 0 0 2003-2004
8%
275 Andreas Ivan LW 1 0 0 2022-2023
8%
267 Besart Ibraimi ST 2 0 0 2009-2010
8%
250 Danilo Avelar LB 3 0 0 2010-2011
8%
280 George Timotheou CB 1 0 0 2018-2019
8%
277 Jonas Carls LB 1 0 0 2018-2019
8%
273 Joseph Laumann ST 1 0 0 2005-2006
8%
297 Timothée Kolodziejczak CB 1 0 0 2022-2023
8%
213 Tim Skarke ST 9 1 1 2022-2023
8%
285 Tore Reginiussen CB 1 0 0 2009-2010
8%
278 Ünal Alpugan DM 1 0 0 2000-2001
8%
268 Zaid Tchibara RW 2 0 0 2024-2025
8%
291 Bleron Krasniqi CM 1 0 0 2021-2022
5%
274 Christian Erwig ST 1 0 0 2006-2007
5%
264 Jimmy Kaparos DM 2 0 0 2020-2021, 2023-2024
5%
294 Lubos Hanzel LB 1 0 0 2009-2010
5%
288 Malik Talabidi CB 1 0 0 2024-2025
5%
298 Niklas Castelle AM 1 0 0 2023-2024
5%
287 Niklas Tauer DM 1 0 0 2023-2024
5%
258 Oliver Held RM 2 0 0 2000-2001
5%
281 Timo Kunert DM 1 0 0 2006-2007
5%
289 Vasilios Pavlidis CB 1 0 0 2020-2021
5%
No matching quizzes found
Score Distribution
Percent of People with Each Score
Percentile by Number Answered
Your Score History
You have not taken this quiz since the last reset